Todo lo que aprendimos de las películas /

Bewaard in:
Bibliografische gegevens
Hoofdauteur: Navia, María José (autor)
Formaat: Boek
Taal:Spaans
Gepubliceerd in: Madrid, España : Páginas de Espuma, 2023, c2023
Reeks:(Voces/Literatura ; 338)
Onderwerpen:
Tags: Voeg label toe
Geen labels, Wees de eerste die dit record labelt!

MARC

LEADER 00000nam^a2200000^a^4500
001 000578189
005 20250521000000.0
009 20260310132504.166
020 |a 978-607-635-317-2 
037 |a Acervo ITESO - Biblioteca 
041 |a ESP 
082 |a 863.  |b NAV 
100 |a Navia, María José  |e (autor) 
245 1 0 |a Todo lo que aprendimos de las películas /  |c M.J. Navia. 
264 4 |a Madrid, España :  |b Páginas de Espuma,  |c 2023, c2023 
300 |a 156 p. 
336 |a texto  |b txt  |2 rdacontenido 
337 |a sin mediación  |b n  |2 rdamedio 
338 |a volumen  |b nc  |2 rdasoporte 
440 1 |a (Voces/Literatura ;  |v 338) 
521 |a FIL 2023 DIA 
649 |a XX 
650 |a Mujeres en la Literatura 
650 |a Madres en la Literatura 
650 |a Cuentos Chilenos 
650 |a Literatura Chilena -  |y Siglo XXI 
650 |a Literatura de Mujeres -  |z Chile 
650 |a Maternidad en la Literatura 
650 |a Relaciones Padres-Hijos en la Literatura 
910 |a Fondo General 
920 |a Impresos - Libros 
930 |a Colección General 
940 |a Literatura 
905 |a 101 
901 |a 0500405795  |b IT1  |c LIT  |i C184900  |u 20250521 
902 |a https://opac.biblio.iteso.mx/vufind/Record/000578189